MARC details
| 000 -CABECERA |
| campo de control de longitud fija |
00871cam a2200265 a 4500 |
| 001 - NÚMERO DE CONTROL |
| campo de control |
000009808 |
| 005 - FECHA Y HORA DE LA ÚLTIMA TRANSACCIÓN |
| campo de control |
20200929161719.0 |
| 008 - DATOS DE LONGITUD FIJA--INFORMACIÓN GENERAL |
| campo de control de longitud fija |
791204s1989 sp 000 p spa d |
| 020 ## - NÚMERO INTERNACIONAL ESTÁNDAR DEL LIBRO |
| Número Internacional Estándar del Libro |
8420617121 |
| 040 ## - FUENTE DE LA CATALOGACIÓN |
| Centro catalogador/agencia de origen |
DO-SdBNP |
| Centro/agencia transcriptor |
BNPHU |
| 082 ## - NÚMERO DE LA CLASIFICACIÓN DECIMAL DEWEY |
| Número de clasificación |
861.6 |
| Número de documento/Ítem |
A454a |
| 100 1# - ENTRADA PRINCIPAL--NOMBRE DE PERSONA |
| Nombre de persona |
Alonso, Dámaso, |
| Fechas asociadas al nombre |
1898-1990 |
| 9 (RLIN) |
8769 |
| 245 10 - MENCIÓN DE TÍTULO |
| Título |
Antología poética / |
| Mención de responsabilidad, etc. |
Dámaso Alonso ; selección y prólogo de Philip W. Silver. |
| 260 ## - PUBLICACIÓN, DISTRIBUCIÓN, ETC. |
| Lugar de publicación, distribución, etc. |
Madrid : |
| Nombre del editor, distribuidor, etc. |
Alianza, |
| Fecha de publicación, distribución, etc. |
1989. |
| 300 ## - DESCRIPCIÓN FÍSICA |
| Extensión |
167 p. ; |
| Dimensiones |
18 cm. |
| 490 1# - MENCIÓN DE SERIE |
| Mención de serie |
Libro de bolsillo. Literatura |
| Designación de volumen o secuencia |
712 |
| 500 ## - NOTA GENERAL |
| Nota general |
Primera reimpresión, 1989 |
| 650 #4 - PUNTO DE ACCESO ADICIONAL DE MATERIA--TÉRMINO DE MATERIA |
| Término de materia o nombre geográfico como elemento de entrada |
Poesía española |
| 9 (RLIN) |
631 |
| 650 #4 - PUNTO DE ACCESO ADICIONAL DE MATERIA--TÉRMINO DE MATERIA |
| Término de materia o nombre geográfico como elemento de entrada |
Literatura española |
| 9 (RLIN) |
632 |
| 650 #4 - PUNTO DE ACCESO ADICIONAL DE MATERIA--TÉRMINO DE MATERIA |
| Término de materia o nombre geográfico como elemento de entrada |
Poesía española |
| Subdivisión general |
Colecciones |
| 9 (RLIN) |
3395 |
| 700 1# - PUNTO DE ACCESO ADICIONAL--NOMBRE DE PERSONA |
| Nombre de persona |
Silver, Philip W., |
| Fechas asociadas al nombre |
1932- |
| Término indicativo de función/relación |
pról. |
| 9 (RLIN) |
24712 |
| 830 #3 - PUNTO DE ACCESO ADICIONAL DE SERIE-TÍTULO UNIFORME |
| Título uniforme |
Libro de bolsillo. |
| Nombre de parte o sección de la obra |
Literatura; |
| Designación de volumen o secuencia |
712 |
| 9 (RLIN) |
9889 |
| 910 ## - DATOS DE OPCIÓN DEL USUARIO (OCLC) |
| Datos de opción del usuario |
Catalogación derivada |
| 910 ## - DATOS DE OPCIÓN DEL USUARIO (OCLC) |
| Datos de opción del usuario |
WM |